000 01431nam a2200361 a 4500
001 000114600
003 CHAP
005 20220329144448.0
008 180308s2017 mx a fsm |||||||spa d
010 _a111061
011 _a112033
040 _cCHAP
090 _aTesis
100 1 _aCruz Salazar, Ricardo Jesús
_9134791
245 1 0 _aDefinición de la zona federal de oleoductos:
_h[En línea]
_bel caso del gasoducto Tula-Villa de Reyes con ramal a Salamanca /
_cpor Ricardo Jesús Cruz Salazar y Abraham Alejandro Hernández Molina.
260 _aChapingo, Méx. :
_bEl autor,
_c2017.
500 _aPara ver el contenido del material haga clic en la liga
502 _aTesis (Ing. en Irrigación) -- UACH. Departamento de Irrigación
590 _aBATCH-UPD
_b05
_c20180309
_lUCH01
_h0946
590 _aE8697GMM
_b05
_c20180308
_lUCH01
_h1004
590 _aE8697GMM
_b05
_c20180308
_lUCH01
_h1005
590 _aE8697GMM
_b05
_c20180309
_lUCH01
_h0903
590 _aE8697GMM
_b05
_c20180309
_lUCH01
_h0945
650 1 4 _aAgua subterránea
_xSan Luis Potosí
_92478
650 1 4 _aGas
_xObtención y producción.
_947200
650 1 4 _aHidraulica
_xModelos matemáticos.
_9134800
650 1 4 _aHidrología
_xMétodos estadísticos.
_955268
700 1 _aHernández Molina, Abraham Alejandro
_9134792
856 _aFinding aid
_uhttp://10.13.5.2/tesis/sist114600.pdf
_zTeclea aquí
901 _aBK
942 _cTESIS
942 _n0
999 _c111061
_d111061